Nirvana songs - Sudden Death - Statistics

General Stats
  • This quiz has been taken 92 times
  • The average score is 11 of 13
Answers on the Grid
Answers color-coded by a green-red scale on the quiz's grid according to % correct below.
Smells like Teen Spirit
Heart Shaped Box
Back in Black
Rape me
Lithium
Mr. Brightside
Pour Some Sugar on Me
Come as You Are
In Bloom
About a Girl
Iron Man
Smells like Nirvana
Drain You
Polly
I Love Rock n Roll
Master of Puppets
Stay Away
American Idiot
Dancing Queen
Three Little Pigs
Aneurysm
Crazy Train
Sweet Child O' Mine
Big Balls
Hysteria
Today
Something in the Way
All Apologies
Paranoid
Everlong
 
Answer Stats
Answer % Correct
Smells like Teen Spirit
99%
Come as You Are
96%
Heart Shaped Box
94%
Lithium
93%
In Bloom
91%
Rape me
89%
About a Girl
81%
Polly
77%
Drain You
76%
Something in the Way
74%
All Apologies
71%
Aneurysm
69%
Stay Away
61%
No matching quizzes found
Score Distribution
Percent of People with Each Score
Percentile by Number Answered
Your Score History
You have not taken this quiz